[Event "RSA-ch U10"]
[Site "Bloemfontein"]
[Date "2016.03.23"]
[Round "7"]
[White "Conradie, Daniel"]
[Black "Peter, Neathan"]
[Result "1-0"]
[WhiteElo "997"]
[BlackElo "958"]
[PlyCount "69"]
[EventDate "2016.03.20"]
[EventType "swiss"]
[EventRounds "11"]
[EventCountry "RSA"]
[SourceTitle "CBM 171 Extra"]
[Source "ChessBase"]
[SourceDate "2016.04.26"]
[SourceVersion "1"]
[SourceVersionDate "2016.04.26"]
[SourceQuality "1"]

1. e4 e5 2. Nf3 Nc6 3. Bb5 Bc5 4. Bxc6 dxc6 5. d3 Bg4 6. Be3 Bd4 7. Bxd4 Bxf3 8. Qxf3 Qxd4 9. Nc3 Nf6 10. Qe3 Qb6 11. Qxb6 axb6 12. 0-0 b5 13. b4 b6 14. f4 exf4 15. Rxf4 0-0 16. a4 Ra7 17. Rff1 Rfa8 18. Ra3 bxa4 19. Rfa1 b5 20. Ne2 Ng4 21. c4 Ne3 22. Rc1 Ng4 23. cxb5 cxb5 24. Nc3 c6 25. Ne2 Ne5 26. Kf2 Rd8 27. Ke3 Ng4+ 28. Kf3 Ne5+ 29. Ke3 Nc4+ 30. dxc4 bxc4 31. Rcc3 Rd2 32. Nd4 h6 33. Nxc6 Rd3+ 34. Kf4 Rd4 35. Nxd4 1-0

[Event "RSA-ch U10"]
[Site "Bloemfontein"]
[Date "2016.03.23"]
[Round "6"]
[White "Wolfaard, Stephan"]
[Black "Conradie, Daniel"]
[Result "1/2-1/2"]
[WhiteElo "963"]
[BlackElo "997"]
[PlyCount "87"]
[EventDate "2016.03.20"]
[EventType "swiss"]
[EventRounds "11"]
[EventCountry "RSA"]
[SourceTitle "CBM 171 Extra"]
[Source "ChessBase"]
[SourceDate "2016.04.26"]
[SourceVersion "1"]
[SourceVersionDate "2016.04.26"]
[SourceQuality "1"]

1. e4 e6 2. Nc3 d5 3. exd5 exd5 4. d4 Nf6 5. Nf3 Bf5 6. Bf4 Bb4 7. Qd2 0-0 8. Be2 Re8 9. 0-0 Bxc3 10. bxc3 Qe7 11. Rfe1 Nc6 12. Bd3 Qd7 13. Bxf5 Qxf5 14. Bxc7 Ne4 15. Qd3 Rac8 16. Be5 f6 17. Rab1 fxe5 18. Qb5 Nxc3 19. Qxb7 Nxb1 20. Qxb1 Nxd4 21. Qb7 Nxf3+ 22. gxf3 Qxf3 23. Re3 Qg4+ 24. Rg3 Qd1+ 25. Kg2 g6 26. Rd3 Qxc2 27. Qxd5+ Kg7 28. Qd7+ Kh6 29. Rh3+ Kg5 30. Rg3+ Kh6 31. Rh3+ Kg5 32. Rg3+ Kf6 33. Rf3+ Kg5 34. h4+ Kh6 35. Qg4 Qd2 36. Rg3 Rc2 37. Rf3 e4 38. Rf4 Kg7 39. Qg5 Qd6 40. h5 Rf8 41. h6+ Kg8 42. Rxf8+ Qxf8 43. Qd5+ Qf7 44. Qxe4 1/2-1/2

[Event "RSA-chT U10"]
[Site "Cape Town"]
[Date "2016.01.04"]
[Round "1.6"]
[White "Odendaal, Mikhal"]
[Black "Conradie, Daniel"]
[Result "1-0"]
[WhiteElo "845"]
[BlackElo "1011"]
[PlyCount "39"]
[EventDate "2016.01.04"]
[EventType "team-tourn"]
[EventRounds "7"]
[EventCountry "RSA"]
[SourceTitle "CBM 170 Extra"]
[Source "ChessBase"]
[SourceDate "2016.02.25"]
[SourceVersion "1"]
[SourceVersionDate "2016.02.25"]
[SourceQuality "1"]
[WhiteTeam "Tshwane"]
[BlackTeam "Western Province"]
[WhiteTeamCountry "RSA"]
[BlackTeamCountry "RSA"]

1. d4 d5 2. c4 dxc4 3. Nc3 Nf6 4. Nf3 e6 5. a3 Nc6 6. Bg5 h6 7. Bxf6 Qxf6 8. e3 b6 9. Bxc4 Bb7 10. Bb5 Bd6 11. d5 exd5 12. Nxd5 Qe6 13. Rc1 Qd7 14. Nd4 0-0 15. Nxc6 a6 16. Nce7+ Qxe7 17. Nxe7+ Bxe7 18. Rxc7 axb5 19. Rxb7 Rfd8 20. Rd7 1-0